| 000 | 01177nam a2200265Ia 4500 | ||
|---|---|---|---|
| 999 |
_c42032 _d42032 |
||
| 001 | 8722 | ||
| 003 | GE_BSU | ||
| 005 | 20240528162556.0 | ||
| 008 | 181216s2012||||ge |||||||||||||| ||geo|| | ||
| 020 | _a9789941923609 | ||
| 040 | _cGE_BSU | ||
| 041 | _ageo | ||
| 080 | _a821.133.1-31 | ||
| 100 |
_aკამიუ, ალბერ _93087 |
||
| 245 |
_aშავი ჭირი : _bრომანი / _cალბერ კამიუ ; [ფრანგ. თარგმნეს : გასტონ ბუაჩიძემ, კოტე ჯავრიშვილმა და ნესტან იორდანიშვილმა].. |
||
| 264 |
_aთბილისი : _bაგორა, _c2012. |
||
| 300 |
_a376 გვ. ; _c17 სმ. |
||
| 541 | _h9ლ. | ||
| 653 | _aრომანი | ||
| 653 | _aშავი ჭირი | ||
| 700 |
_dბუაჩიძე, გასტონ _eმთარგმნელი _93088 |
||
| 700 |
_a ჯავრიშვილი, კოტე _eმთარგმნელი _922203 |
||
| 700 |
_aიორდანიშვილი, ნესტან _eმთარგმნელი _93090 |
||
| 942 |
_cBK _2udc |
||